Every Song by Soulfly - Statistics

General Stats
  • This quiz has been taken 5 times
  • The average score is 15 of 154
Answer Stats
Album Song % Correct
Prophecy(2004) Prophecy
100%
Soulfly(1998) Soulfly
100%
Dark Ages(2005) The Dark Ages
100%
Archangel(2015) Archangel
50%
Primitive(2000) Back to the Primitive
50%
3(2002) Downstroy
50%
Primitive(2000) Jumpdafuckup
50%
Savages(2013) K.C.S.
50%
3(2002) L.O.T.M.
50%
Ritual(2018) Ritual
50%
3(2002) Seek 'n' Strike
50%
Primitive(2000) Soulfly II
50%
3(2002) Soulfly III
50%
Prophecy(2004) Soulfly IV
50%
Savages(Bonus)(2013) Soulfly IX
50%
Dark Ages(2005) Soulfly V
50%
Conquer(2008) Soulfly VI
50%
Omen(2010) Soulfly VII
50%
Enslaved(Bonus)(2012) Soulfly VIII
50%
Archangel(Bonus)(2015) Soulfly X
50%
Ritual(2018) Soulfly XI
50%
Totem(2022) Soulfly XII
50%
Totem(2022) Totem
50%
Soulfly(1998) | Tribe(1999) Tribe
50%
3(2002) | Dark Ages(Hidden)(2005) Untitled
50%
3(2002) 9-11-01
0%
Archangel(Bonus)(2015) Acosador Nocturno
0%
Enslaved(2012) American Steel
0%
Totem(2022) Ancestors
0%
Dark Ages(2005) Arise Again
0%
Savages(2013) Ayatollah of Rock 'n' Rolla
0%
Dark Ages(2005) Babylon
0%
Enslaved(Bonus)(2012) Bastard
0%
Archangel(2015) Bethlehem's Blood
0%
Ritual(2018) Bite the Bullet
0%
Dark Ages(2005) Bleak
0%
Soulfly(1998) Bleed
0%
Omen(2010) Bloodbath & Beyond
0%
Conquer(2008) Blood Fire War Hate
0%
Ritual(2018) Blood on the Street
0%
Savages(2013) Bloodshed
0%
Soulfly(Bonus)(2023) Blow Away
0%
Primitive(2000) Boom
0%
Prophecy(2004) Born Again Anarchist
0%
3(2002) Brasil
0%
Primitive(2000) Bring It
0%
Soulfly(1998) Bumba
0%
Soulfly(1998) Bumbklaatt
0%
3(2002) Call to Arms
0%
Soulfly(Bonus)(1998) Cangaceiro
0%
Savages(2013) Cannibal Holocaust
0%
Dark Ages(2005) Carved Inside
0%
Enslaved(2012) Chains
0%
Dark Ages(2005) Corrosion Creeps
0%
Omen(2010) Counter Sabotage
0%
Ritual(2018) Dead Behind the Eyes
0%
Archangel(2015) Deceiver
0%
Prophecy(2004) Defeat U
0%
Ritual(2018) Demonized
0%
Conquer(2008) Doom
0%
Totem(2022) Ecstasy of Gold
0%
Savages(2013) El Comegente
0%
Conquer(2008) Enemy Ghost
0%
3(2002) Enterfaith
0%
Ritual(2018) Evil Empowered
0%
Prophecy(2004) Execution Style
0%
Soulfly(1998) Eye for an Eye
0%
Savages(2013) Fallen
0%
Conquer(2008) Fall of the Sycophants
0%
Ritual(2018) Feedback!
0%
Totem(2022) Filth Upon Filth
0%
Soulfly(1998) Fire
0%
Soulfly(1998) First Commandment
0%
Primitive(2000) Flyhigh
0%
Conquer(2008) For Those About to Rot
0%
3(2002) Four Elements
0%
Dark Ages(2005) Frontlines
0%
Savages(Bonus)(2013) Fuck Reality
0%
Dark Ages(2005) Fuel the Hate
0%
Enslaved(2012) Gladiator
0%
Omen(2010) Great Depression
0%
Dark Ages(2005) I and I
0%
Prophecy(2004) I Believe
0%
Primitive(2000) In Memory Of...
0%
Dark Ages(2005) Innerspirit
0%
Enslaved(2012) Intervention
0%
Archangel(2015) Ishtar Rising
0%
Omen(2010) Jeffrey Dahmer
0%
Soulfly(1998) Karmageddon
0%
Omen(2010) Kingdom
0%
Enslaved(2012) Legions
0%
Omen(2010) Lethal Injection
0%
Archangel(2015) Live Life Hard!
0%
Prophecy(2004) Living Sacrifice
0%
Prophecy(2004) Mars
0%
Savages(2013) Master of Savagery
0%
Omen(2010) Mega-Doom
0%
Dark Ages(2005) Molotov
0%
Prophecy(2004) Moses
0%
Archangel(2015) Mother of Dragons
0%
Primitive(2000) Mulambo
0%
Conquer(Bonus)(2008) Mypath
0%
Soulfly(1998) No
0%
Soulfly(1998) No Hope = No Fear
0%
Omen(2010) Off with Their Heads
0%
3(2002) One
0%
Primitive(2000) Pain
0%
Conquer(2008) Paranoia
0%
Enslaved(2012) Plata o Plomo
0%
Prophecy(2004) Porrada
0%
Soulfly(1998) Prejudice
0%
Soulfly(1998) Quilombo
0%
Enslaved(2012) Redemption of Man by God
0%
Enslaved(2012) Resistance
0%
Enslaved(2012) Revengeance
0%
Dark Ages(2005) Riotstarter
0%
Omen(2010) Rise of the Fallen
0%
Totem(2022) Rot in Pain
0%
Conquer(2008) Rough
0%
Dark Ages(Bonus)(2005) Salmo-91
0%
Totem(2022) Scouring the Vile
0%
Archangel(2015) Shamash
0%
Enslaved(Bonus)(2012) Slave
0%
Archangel(2015) Sodomites
0%
Primitive(2000) Son Song
0%
Primitive(Bonus)(2000) Soulfire
0%
Savages(2013) Soulfliktion
0%
Savages(2013) Spiral
0%
Totem(2022) Spirit Animal
0%
Dark Ages(2005) Staystrong
0%
Soulfly(Hidden)(1998) Sultao Das Matas
0%
Totem(2022) Superstition
0%
Primitive(2000) Terrorist
0%
Totem(2022) The Damage Done
0%
Dark Ages(2005) (The) March
0%
Primitive(2000) The Prophet
0%
Soulfly(1998) The Song Remains Insane
0%
Ritual(2018) The Summoning
0%
Savages(2013) This Is Violence
0%
Archangel(2015) Titans
0%
Conquer(2008) Touching the Void
0%
Enslaved(2012) Treachery
0%
3(2002) Tree of Pain
0%
Soulfly(1998) Umbabarauma
0%
Ritual(2018) Under Rapture
0%
Conquer(2008) Unleash
0%
Omen(2010) Vulture Culture
0%
Conquer(2008) Warmageddon
0%
Archangel(2015) We Sold Our Souls to Metal
0%
Prophecy(2004) Wings
0%
Enslaved(2012) World Scum
0%
3(2002) Zumbi
0%
No matching quizzes found
Score Distribution
Percent of People with Each Score
Percentile by Number Answered
Your Score History
You have not taken this quiz